000
00254nam a2200097Ia 4500
082
_a
EJF SEWE
245
0
_a
Black Beauty
100
_a
Sewell, Anna. , 182-1878 ** London, 2R5 ** *
_9
110823
942
_c
BK
008
210825s9999 xx 000 0 und d
999
_c
500921
_d
500920